000 00631nam a2200265Ia 4500
005 20260121172239.0
008 008 260114s9999 xx 000 0 eng d
020 _a9783030596316
037 _aEBOOK
040 _aCRL
040 _beng
040 _cCRL
041 _2eng
041 _aeng
084 _qCRL
100 _aBjörn Berg, Charles McClaugherty
_91086098
245 0 _aPlant Litter
260 _bSpringer
260 _bSpringer
260 _c2020
856 _uhttps://link.springer.com/openurl?genre=book&isbn=978-3-030-59631-6
942 _cEBOOK
999 _c1651835
_d1651835